The butterflies of the Malay Peninsular

Bibliographic Details
Main Author: CORBET
Other Authors: D'Abrera, Eliot, Pendlebury
Format: Book
Published: Kuala Lumpur : Malayan Nature Society , 1992
Edition:4th rev. ed.
Subjects:

MARC

LEADER 00000cam a2200000 7i4500
001 0000001956
005 20020715.0
090 0 0 |a R595.789095951   |b COR 1992 
100 1 0 |a CORBET   |h A. Steven 
245 1 4 |a The butterflies of the Malay Peninsular   |c by A. Steven Corbet and H. M. Pendlebury, revised by J. N. Eliot with plates by Bernard D'Abrera 
250 0 0 |a 4th rev. ed. 
260 0 0 |a Kuala Lumpur :   |b Malayan Nature Society ,   |c 1992 
300 |a x, 595 p., 69 plates :   |b ill. ;   |c 26 cm. 
500 0 0 |a Includes index 
650 0 0 |a Butterflies   |z Peninsular Malaysia   |x Nomenclature (Popular) 
700 0 1 |a D'Abrera   |h Bernard 
700 0 1 |a Eliot   |h J. N. 
700 0 1 |a Pendlebury   |h H. M. 
998 |a JPSM 
999 |a 0000003290   |b Monograph   |c Reference   |e Default branch